000 00660nam a22002177a 4500
005 20250724143725.0
008 250724b |||||||| |||| 00| 0 eng d
037 _cTB
040 _aCRL
_cCRL
041 _2PER
_aPER
084 _aO164:g P5
_bCRL
100 _aKobb, Abdul Hasan Zarrin
_9816416
245 _aBakarwan-e-hulla
260 _aTehran, Iran:
_bIntasharat-e-ilmi,
_c2005.
300 _a475p.
365 _b1250.00
_cINR
650 _aPersian Literature
650 _aCriticism
942 _2CC
_cTB
_hO164:g P5
_n0
999 _c1434248
_d1434248